[Event "xxx"]
[Site ""]
[Date "1998.07.25"]
[Round "1"]
[White "LENZ, Alarich"]
[Black "NAIDITSCH, Arkadij"]
[Result "0-1"]
[WhiteElo "2230"]
[BlackElo "2390"]
[PlyCount "46"]
[EventDate "1998.07.25"]

1. c4 Nf6 2. Nc3 g6 3. g3 c6 4. Nf3 d5 5. d4 Bg7 6. Bg2 dxc4 7. Ne5 Ng4 8. Nxg4
Bxg4 9. Be3 O-O 10. O-O Nd7 11. Rc1 Nf6 12. h3 Be6 13. Na4 Qc8 14. Kh2 Rd8 15.
Nc5 Bd5 16. Bf4 Bxg2 17. Kxg2 Nh5 18. Rxc4 Nxf4+ 19. gxf4 Qf5 20. Qc1 Rxd4 21.
Rxd4 Bxd4 22. b4 Bxc5 23. Qxc5 23... Qe4+ { } 0-1

[Event "xxx"]
[Site ""]
[Date "1998.07.25"]
[Round "1"]
[White "KUMMER, Helmut"]
[Black "WITTMANN, Walter Dr."]
[Result "1/2-1/2"]
[WhiteElo "2315"]
[BlackElo "2380"]
[PlyCount "143"]
[EventDate "1998.07.25"]

1. d4 Nf6 2. c4 g6 3. Nc3 Bg7 4. e4 d6 5. Be2 O-O 6. Bg5 c5 7. dxc5 Qa5 8. Bd2
Qxc5 9. Nf3 Bg4 10. O-O Nc6 11. Be3 Qa5 12. Nd2 Bxe2 13. Qxe2 Nd7 14. Rac1 Nc5
15. a3 Na4 16. Nxa4 Qxa4 17. Rb1 Rac8 18. Qd1 Qa6 19. a4 Na5 20. b3 b6 21. Nf3
Nc6 22. Re1 Qa5 23. Qd5 Rfd8 24. Red1 Qa6 25. Qd2 Qb7 26. h3 Na5 27. Bh6 Qxe4
28. Bxg7 Kxg7 29. Qb2+ Kg8 30. Rd5 Qf4 31. Qe2 e6 32. Rd3 Qf6 33. Rbd1 Qe7 34.
Qd2 Nc6 35. Qh6 f6 36. Qf4 e5 37. Qd2 e4 38. Re3 f5 39. Ne1 Ne5 40. f3 exf3 41.
Nxf3 Nxf3+ 42. Rxf3 Rc5 43. Rd3 Re5 44. Rxd6 Rxd6 45. Qxd6 Re1+ 46. Kh2 Qxd6+
47. Rxd6 Kf7 48. a5 Ke7 49. Rd5 Kf6 50. axb6 axb6 51. Rd6+ Re6 52. Rd3 g5 53.
Kg3 h6 54. Kf2 f4 55. Kf3 Kg6 56. h4 Kh5 57. hxg5 hxg5 58. b4 Kh4 59. c5 bxc5
60. bxc5 Rf6 61. Rc3 g4+ 62. Ke4 f3 63. gxf3 g3 64. Rc4 g2 65. Ke3+ Kh3 66. Rg4
Ra6 67. Rg8 Ra3+ 68. Kf4 Ra4+ 69. Ke5 Ra1 70. c6 g1=Q 71. Rxg1 Rxg1 72. c7 {.}
1/2-1/2

[Event "xxx"]
[Site ""]
[Date "1998.07.25"]
[Round "1"]
[White "KRUMPACNIK, Domen"]
[Black "VLASAK, Reinhard Dr."]
[Result "1-0"]
[WhiteElo "2380"]
[BlackElo "2210"]
[PlyCount "81"]
[EventDate "1998.07.25"]

1. d4 d5 2. c4 e6 3. Nc3 c5 4. cxd5 exd5 5. Nf3 Nc6 6. g3 Nf6 7. Bg2 Be7 8. O-O
O-O 9. h3 Re8 10. Be3 cxd4 11. Nxd4 Bf8 12. Qd2 Ne5 13. Bg5 Bb4 14. Rfd1 Nc4
15. Qc2 Nb6 16. Ncb5 Bd7 17. Qb3 Bc5 18. Rac1 Rc8 19. Qf3 Nc4 20. Bxf6 Qxf6 21.
Qxf6 gxf6 22. b4 Bxb4 23. Bxd5 Ne5 24. Nc7 24... Ba3 { } 25. Nxe8 Rxc1 26. Rxc1
Bxc1 27. Nxf6+ Kg7 28. Nxd7 Nxd7 29. Bxb7 Nc5 30. Bd5 Bb2 31. e3 Nd3 32. Nc6 a6
33. Nd8 Nb4 34. Bc4 f5 35. Ne6+ Kf6 36. Nc5 a5 37. f4 Bc1 38. Kf2 Nc2 39. Ke2
Bxe3 40. Nd7+ Ke7 41. Bd3 1-0

[Event "xxx"]
[Site ""]
[Date "1998.07.25"]
[Round "1"]
[White "MITTELBERGER, Peter Dr."]
[Black "TITZ, Heimo Dr."]
[Result "1/2-1/2"]
[WhiteElo "2230"]
[BlackElo "2305"]
[PlyCount "98"]
[EventDate "1998.07.25"]

1. e4 c5 2. Nf3 Nc6 3. d4 cxd4 4. Nxd4 Nf6 5. Nc3 d6 6. Be2 e5 7. Nb3 Be7 8.
O-O O-O 9. Kh1 Be6 10. f4 exf4 11. Bxf4 d5 12. exd5 Nxd5 13. Nxd5 Qxd5 14. Qxd5
Bxd5 15. Bf3 Bxf3 16. Rxf3 Rfd8 17. c3 Rd7 18. Re1 Rad8 19. Rfe3 f6 20. h3 Kf7
21. g4 h5 22. Kg2 hxg4 23. hxg4 Bd6 24. Bxd6 Rxd6 25. R1e2 b6 26. Kg3 R8d7 27.
Kf4 Rd1 28. Re1 Rxe1 29. Rxe1 g5+ 30. Kg3 Rd3+ 31. Kf2 Ne5 32. Re4 Nf3 33. Kg2
f5 34. gxf5 Nh4+ 35. Kf2 Nxf5 36. c4 Rh3 37. c5 Rh2+ 38. Kg1 Rxb2 39. Ra4 bxc5
40. Rxa7+ Kf6 41. Nxc5 g4 42. Nd3 Rd2 43. Nf2 Rd4 44. Nxg4+ Rxg4+ 45. Kf2 Ke5
46. Ra8 Rc4 47. Ke2 Rc3 48. Kd2 Rh3 49. a4 49... Kd6 {... (60)} 1/2-1/2

[Event "xxx"]
[Site ""]
[Date "1998.07.25"]
[Round "1"]
[White "PINGITZER, Harald"]
[Black "ZOEBISCH, Herbert"]
[Result "1/2-1/2"]
[WhiteElo "2300"]
[BlackElo "2235"]
[PlyCount "49"]
[EventDate "1998.07.25"]

1. e4 e5 2. Nf3 Nc6 3. d4 exd4 4. Bc4 Nf6 5. O-O Nxe4 6. Re1 d5 7. Bxd5 Qxd5 8.
Nc3 Qa5 9. Nxe4 Be6 10. Bd2 Qd5 11. Bg5 Bd6 12. Bf6 O-O 13. Nxd4 Nxd4 14. Qxd4
Qxd4 15. Bxd4 Rfd8 16. Nxd6 Rxd6 17. Be3 a6 18. Bf4 Rd7 19. Rad1 Rad8 20. Rxd7
Rxd7 21. f3 h6 22. Kf2 c6 23. a3 g5 24. Bc1 Kg7 25. g4 {.} 1/2-1/2

[Event "xxx"]
[Site ""]
[Date "1998.07.25"]
[Round "1"]
[White "KNEUTGEN, Alexander"]
[Black "KLEISSL, Helmut"]
[Result "1-0"]
[WhiteElo "2205"]
[BlackElo "2300"]
[PlyCount "51"]
[EventDate "1998.07.25"]

1. e4 g6 2. Nc3 Bg7 3. g3 d6 4. Bg2 Nf6 5. d3 e5 6. f4 Nc6 7. Nf3 Bg4 8. h3
Bxf3 9. Qxf3 Nd4 10. Qf2 c6 11. O-O h6 12. Be3 O-O 13. Bxd4 exd4 14. Ne2 c5 15.
g4 Rc8 16. Ng3 c4 17. Rae1 Qb6 18. g5 hxg5 19. fxg5 Nd7 20. Nf5 gxf5 21. exf5
cxd3 22. cxd3 Ne5 23. f6 { } 23... Ng6 (23... Nxd3) 24. fxg7 Kxg7 25. Qf6+ Kh7
26. Be4 1-0

[Event "xxx"]
[Site ""]
[Date "1998.07.25"]
[Round "1"]
[White "KUBA, Guenter"]
[Black "EBNER, Hubert"]
[Result "1/2-1/2"]
[WhiteElo "2235"]
[BlackElo "2275"]
[PlyCount "41"]
[EventDate "1998.07.25"]

1. e4 e6 2. d4 d5 3. Nd2 Nf6 4. e5 Nfd7 5. f4 c5 6. c3 Nc6 7. Ndf3 Qb6 8. g3
cxd4 9. cxd4 Be7 10. Bh3 f6 11. Ne2 O-O 12. Nc3 Kh8 13. Rf1 a5 14. f5 fxe5 15.
fxe6 Nf6 16. dxe5 Ne4 17. Qxd5 Nc5 18. Ng5 Nb4 19. Rxf8+ Bxf8 20. Qf3 Bxe6 21.
Kf1 {.} 1/2-1/2

[Event "xxx"]
[Site ""]
[Date "1998.07.25"]
[Round "1"]
[White "HOPFGARTNER, Heinz DI."]
[Black "FUCHS, Georg"]
[Result "1-0"]
[WhiteElo "2145"]
[BlackElo "2180"]
[PlyCount "77"]
[EventDate "1998.07.25"]

1. c4 e5 2. Nc3 Nf6 3. g3 d5 4. cxd5 Nxd5 5. Bg2 Be6 6. Nf3 Nc6 7. O-O Nb6 8.
b3 Be7 9. Bb2 O-O 10. d4 exd4 11. Nb5 Qd7 12. Nbxd4 Rad8 13. Qc1 Nxd4 14. Bxd4
c5 15. Bb2 Qb5 16. e4 c4 17. Nd4 Qc5 18. Nf5 Bxf5 19. exf5 Rd7 20. f6 gxf6 21.
Qf4 Qg5 22. Qe4 Qg6 23. Qe2 Bb4 24. Rad1 c3 25. Bc1 Re7 26. Qb5 c2 27. Qxb4
cxd1=Q 28. Rxd1 Re2 29. Be3 Rxa2 30. Bxb7 Qh5 31. Rd4 { } 31... Re8 32. Rg4+
Kh8 33. Qf4 Nd7 34. Bc6 Qe5 35. Qh6 Rg8 36. Bxd7 Ra1+ 37. Kg2 Qd5+ 38. Kh3 Qxd7
39. Qxf6+ 1-0

[Event "xxx"]
[Site ""]
[Date "1998.07.26"]
[Round "2"]
[White "TSCHOHL, Christof"]
[Black "EINGORN, Vereslav"]
[Result "0-1"]
[WhiteElo "2130"]
[BlackElo "2610"]
[PlyCount "84"]
[EventDate "1998.07.25"]

1. e4 c5 2. c3 e6 3. d4 d5 4. exd5 exd5 5. Nf3 Nc6 6. Be3 c4 7. b3 cxb3 8. axb3
Bd6 9. Bd3 Nf6 10. h3 O-O 11. O-O Ne4 12. Qc1 Bf5 13. Ng5 Ng3 14. fxg3 Bxd3 15.
Rd1 Bg6 16. Bf4 Re8 17. Re1 Qc7 18. Ra2 h6 19. Nf3 Rxe1+ 20. Qxe1 Bxf4 21. gxf4
Qxf4 22. Re2 Bd3 23. Re8+ Rxe8 24. Qxe8+ Kh7 25. Nbd2 Bg6 26. Kf2 Qd6 27. Qe2
a6 28. g4 f6 29. Qe3 Qe7 30. Qxe7 Nxe7 31. Ke3 Bf7 32. Ne1 g5 33. Nd3 b6 34.
Nf1 h5 35. Ng3 h4 36. Nf5 Nxf5+ 37. gxf5 a5 38. Kf3 Bh5+ 39. Kg2 Be2 40. Nb2
Bb5 41. Na4 Bxa4 42. bxa4 42... Kg7 { } 0-1

[Event "xxx"]
[Site ""]
[Date "1998.07.26"]
[Round "2"]
[White "LERNER, Konstantin"]
[Black "POSCH, Siegfried"]
[Result "1-0"]
[WhiteElo "2580"]
[BlackElo "2130"]
[PlyCount "29"]
[EventDate "1998.07.25"]

1. Nf3 Nf6 2. c4 c5 3. Nc3 Nc6 4. d4 cxd4 5. Nxd4 Nxd4 6. Qxd4 e6 7. e4 Qa5 8.
Be2 Bc5 9. Qd3 h5 10. h3 Qb6 11. O-O Qd6 12. Qf3 { } 12... Ng4 13. hxg4 hxg4
14. Qf4 g3 15. Qxd6 1-0

[Event "xxx"]
[Site ""]
[Date "1998.07.26"]
[Round "2"]
[White "VODEP, Otto DI."]
[Black "CVITAN, Ognjen"]
[Result "0-1"]
[WhiteElo "2105"]
[BlackElo "2525"]
[PlyCount "54"]
[EventDate "1998.07.25"]

1. e4 c5 2. g3 d5 3. exd5 Qxd5 4. Nf3 Nc6 5. Bg2 Qe6+ 6. Kf1 g6 7. d3 Bg7 8.
Nc3 Nf6 9. Be3 b6 10. d4 Ng4 11. Bf4 cxd4 12. Nb5 Ba6 13. a4 O-O 14. Kg1 Rad8
15. Qd2 Qd7 16. h3 Nf6 17. Re1 Bb7 18. Bh6 Rfe8 19. Bxg7 Kxg7 20. h4 h5 21. Ng5
a6 22. Na3 e5 23. f3 Na5 24. b4 Qxa4 25. bxa5 Qxa3 26. axb6 Qc5 27. Kh2 27...
e4 { } 0-1

[Event "xxx"]
[Site ""]
[Date "1998.07.26"]
[Round "2"]
[White "STEINER, Peter Dr."]
[Black "LANKA, Zigurds"]
[Result "0-1"]
[WhiteElo "2115"]
[BlackElo "2515"]
[PlyCount "46"]
[EventDate "1998.07.25"]

1. e4 c5 2. Nc3 Nc6 3. g3 g6 4. Bg2 Bg7 5. d3 d6 6. f4 e6 7. Nf3 Nge7 8. O-O
O-O 9. Rb1 Rb8 10. Be3 Nd4 11. Ne2 Nxf3+ 12. Bxf3 b6 13. c3 f5 14. b4 Bd7 15.
Qb3 Kh8 16. Kg2 Qc8 17. Ng1 Bc6 18. b5 Bb7 19. c4 fxe4 20. dxe4 d5 21. e5 g5
22. Rbe1 g4 23. Bxg4 { } 23... dxc4+ 0-1

[Event "xxx"]
[Site ""]
[Date "1998.07.26"]
[Round "2"]
[White "STANEC, Nikolaus"]
[Black "WERNDL, Erich Mag."]
[Result "0-1"]
[WhiteElo "2495"]
[BlackElo "2105"]
[PlyCount "50"]
[EventDate "1998.07.25"]

1. c4 Nf6 2. Nc3 g6 3. e4 d6 4. d4 Bg7 5. Be2 O-O 6. Nf3 e5 7. d5 Na6 8. Qc2
Nh5 9. g3 f5 10. Ng5 f4 11. Nf3 Qf6 12. Nd1 Bg4 13. Nh4 Bxe2 14. Qxe2 Bh6 15.
a3 Nc5 16. Qc2 fxg3 17. Bxh6 gxf2+ 18. Nxf2 Qxh4 19. Bxf8 Rxf8 20. Rf1 { }
20... Qxh2 21. b4 Ng3 22. bxc5 Nxf1 23. cxd6 cxd6 24. Kxf1 Qh1+ 25. Ke2 Rxf2+
0-1

[Event "xxx"]
[Site ""]
[Date "1998.07.26"]
[Round "2"]
[White "STANKA, Wolfgang"]
[Black "RUCK, Robert"]
[Result "0-1"]
[WhiteElo "2105"]
[BlackElo "2485"]
[PlyCount "90"]
[EventDate "1998.07.25"]

1. e4 c5 2. Nf3 d6 3. Bb5+ Nd7 4. d4 Ngf6 5. Nc3 a6 6. Bxd7+ Nxd7 7. O-O e6 8.
b3 Be7 9. Bb2 O-O 10. Qd2 b6 11. Ne2 Bb7 12. Ng3 cxd4 13. Nxd4 Nf6 14. Rfe1 b5
15. Qe2 Rc8 16. c3 Rc5 17. a4 bxa4 18. Rxa4 Qd7 19. Raa1 Rb8 20. c4 Qd8 21. Ba3
Rc7 22. e5 dxe5 23. Qxe5 Bxa3 24. Rxa3 Rd7 25. Nge2 Rc8 26. h3 Qe7 27. Ra5 Rcd8
28. Rea1 h6 29. Rc5 Ne4 30. Rca5 Qh4 31. g3 Qxh3 32. Nf4 Qg4 33. Nfxe6 fxe6 34.
Qxe6+ Qxe6 35. Nxe6 Rd1+ 36. Kh2 Rxa1 37. Rxa1 Rd6 38. Nf4 Rd2 39. Nd5 Nxf2 40.
Ra5 Ne4+ 41. Kh3 Rd3 42. b4 Rxg3+ 43. Kh2 Rb3 44. Ra2 Bxd5 45. cxd5 45... Rxb4
{ } 0-1

[Event "xxx"]
[Site ""]
[Date "1998.07.26"]
[Round "2"]
[White "BALINOV, Ilia"]
[Black "SCHWANINGER, Wolfgang"]
[Result "1-0"]
[WhiteElo "2450"]
[BlackElo "2080"]
[PlyCount "73"]
[EventDate "1998.07.25"]

1. e4 g6 2. d4 Bg7 3. Bc4 c5 4. Qf3 e6 5. dxc5 Qa5+ 6. Nc3 Qxc5 7. Bb3 b5 8.
Nge2 a6 9. Be3 Qe7 10. O-O-O Nc6 11. g4 Bb7 12. Qg3 Nf6 13. f3 O-O 14. h4 d5
15. h5 Na5 16. hxg6 Nxb3+ 17. axb3 fxg6 18. Bg5 b4 19. Nxd5 exd5 20. e5 Ne4 21.
Bxe7 Nxg3 22. Nxg3 Rxf3 23. Ne2 Rf2 24. Nd4 a5 25. Bd6 Rc8 26. Rd2 Rxd2 27.
Kxd2 Re8 28. Ra1 Bh6+ 29. Ke2 Ra8 30. Kf3 Bf8 31. Kf4 Bxd6 32. exd6 Kf7 33. Re1
Re8 34. Rxe8 Kxe8 35. g5 Kd7 36. Ke5 Bc8 37. Ne6 {Klappe   } 1-0

[Event "xxx"]
[Site ""]
[Date "1998.07.26"]
[Round "2"]
[White "FERK, Martin"]
[Black "KOUTSIN, Sergej"]
[Result "0-1"]
[WhiteElo "2095"]
[BlackElo "2415"]
[PlyCount "66"]
[EventDate "1998.07.25"]

1. d4 d5 2. c4 e6 3. Nc3 c6 4. Nf3 dxc4 5. a4 Bb4 6. e3 b5 7. Bd2 Qb6 8. Ne4
Be7 9. Ne5 Nf6 10. Ng5 O-O 11. Be2 Nbd7 12. Qc2 g6 13. Ngf3 a6 14. a5 Qc7 15.
b4 cxb3 16. Qxc6 Qxc6 17. Nxc6 Bd6 18. Rb1 Bb7 19. Nb4 Ne4 20. Rxb3 Rfc8 21.
Rb2 Rc7 22. Bd3 Nxd2 23. Kxd2 { } 23... e5 24. e4 exd4 25. Nxd4 Bc5 26. Nbc2
Ne5 27. f3 Rd8 28. Ke3 Rcd7 29. Bxb5 axb5 30. Rxb5 Nc4+ 31. Ke2 Bxd4 32. Nxd4
Ba6 33. Rb4 Rxd4 0-1

[Event "xxx"]
[Site ""]
[Date "1998.07.26"]
[Round "2"]
[White "NAIDITSCH, Arkadij"]
[Black "HUBER, Wolfgang Dr."]
[Result "1-0"]
[WhiteElo "2390"]
[BlackElo "2100"]
[PlyCount "57"]
[EventDate "1998.07.25"]

1. e4 c6 2. d4 d5 3. exd5 cxd5 4. c4 Nf6 5. Nc3 e6 6. Nf3 Bb4 7. Qc2 O-O 8. Bg5
Nc6 9. a3 Be7 10. Rd1 dxc4 11. Bxc4 Nd5 12. Bxe7 Qxe7 13. O-O Nxc3 14. bxc3
Qxa3 15. Ng5 g6 16. Qd2 Qe7 17. Rfe1 Na5 18. Ba2 b5 19. d5 Nc4 20. Bxc4 bxc4
21. Qf4 { } 21... h6 22. Ne4 Kg7 23. d6 Qd8 24. d7 Bb7 25. Qe5+ f6 26. Qxe6
Bxe4 27. Rxe4 a5 28. Qd6 Ra7 29. Qe7+ 1-0

[Event "xxx"]
[Site ""]
[Date "1998.07.26"]
[Round "2"]
[White "LAKOS, Nikoletta"]
[Black "SCHWANINGER, Ulrike Dr."]
[Result "1-0"]
[WhiteElo "2385"]
[BlackElo "2045"]
[PlyCount "33"]
[EventDate "1998.07.25"]

1. e4 g6 2. d4 Bg7 3. Nc3 d6 4. Nf3 Bg4 5. Be2 Nc6 6. d5 Bxf3 7. Bxf3 Nd4 8.
Bg4 c5 9. a4 Nh6 10. Bh3 O-O 11. Nb1 Qb6 12. Ra3 c4 13. a5 Qc5 14. Be3 { }
14... Nxc2+ 15. Qxc2 Qb5 16. Nc3 Qe8 17. Qd2 1-0

[Event "xxx"]
[Site ""]
[Date "1998.07.26"]
[Round "2"]
[White "HOFBAUER, Peter"]
[Black "KRUMPACNIK, Domen"]
[Result "0-1"]
[WhiteElo "2100"]
[BlackElo "2380"]
[PlyCount "218"]
[EventDate "1998.07.25"]

1. e4 c5 2. c3 Nf6 3. e5 Nd5 4. d4 cxd4 5. cxd4 e6 6. Nf3 b6 7. Be2 Be7 8. O-O
O-O 9. Nc3 Nxc3 10. bxc3 Qc7 11. Qb3 d6 12. exd6 Bxd6 13. Ba3 Nc6 14. Bxd6 Qxd6
15. Nd2 Bb7 16. Nc4 Qc7 17. Rfe1 Rac8 18. Rac1 Rfd8 19. Bd3 Rd5 20. Qd1 Qf4 21.
Be4 Rdd8 22. g3 Qc7 23. Ne5 Nxe5 24. Bxb7 Qxb7 25. Rxe5 Rc4 26. Qf1 Qc6 27. d5
exd5 28. Qd3 g6 29. Re7 b5 30. Qf3 Rf8 31. Rd1 Re4 32. Rxa7 d4 33. Rd3 dxc3 34.
Rxc3 Qd5 35. Kg2 Qe6 36. Rb7 Re5 37. Re3 Rxe3 38. Qxe3 Qxe3 39. fxe3 Ra8 40.
Rxb5 Rxa2+ 41. Kg1 Re2 42. Re5 Kg7 43. Re8 Kf6 44. h3 h5 45. Kf1 Rd2 46. Re4 g5
47. Ra4 Kg6 48. h4 f6 49. Rb4 Kf5 50. Ra4 Ke5 51. Rb4 Kf5 52. Ra4 Rb2 53. Rc4
Rb5 54. Kf2 Kg6 55. Ra4 Rf5+ 56. Kg2 g4 57. Rb4 Rf3 58. Re4 Kf7 59. Kh2 Rf1 60.
Kg2 Rf5 61. Ra4 Ke6 62. Rb4 Rc5 63. Ra4 Ke5 64. Kf2 Rc2+ 65. Kf1 Kd5 66. Rf4
Ke5 67. Ra4 Rc5 68. Kf2 Ke6 69. Ra6+ Kf7 70. Ra4 Rf5+ 71. Kg2 Ke6 72. Rb4 Ke5
73. Ra4 Kd6 74. Rd4+ Rd5 75. Rf4 Ke6 76. Rb4 Rc5 77. Ra4 Rf5 78. Rb4 Rf3 79.
Re4+ Kd6 80. Re8 Kd5 81. Rh8 Rf5 82. Re8 Re5 83. Rh8 Ke4 84. Kf2 Rf5+ 85. Ke2
85... Rf3 { } 86. Rxh5 Rxg3 87. Kf2 Rxe3 88. Ra5 Rh3 89. Kg2 f5 90. Ra4+ Ke5
91. Ra5+ Kf6 92. Ra6+ Kg7 93. h5 Rxh5 94. Kg3 Rh3+ 95. Kf4 Rf3+ 96. Kg5 g3 97.
Ra7+ Kf8 98. Kf6 Ke8 99. Ke6 Kd8 100. Kd6 Kc8 101. Kc6 Rc3+ 102. Kd5 g2 103.
Rg7 Rc2 104. Ke5 Rf2 105. Kd5 f4 106. Kc6 Rc2+ 107. Kd6 f3 108. Rg8+ Kb7 109.
Rg7+ Kb6 0-1

[Event "xxx"]
[Site ""]
[Date "1998.07.26"]
[Round "2"]
[White "LENDWAI, Reinhard"]
[Black "SULYOK, Michael"]
[Result "1-0"]
[WhiteElo "2375"]
[BlackElo "2270"]
[PlyCount "91"]
[EventDate "1998.07.25"]

1. Nf3 g6 2. e4 Bg7 3. d4 d6 4. Bc4 Nf6 5. Qe2 c6 6. e5 Nd5 7. O-O O-O 8. Re1
dxe5 9. Nxe5 Be6 10. c3 Nd7 11. Nxd7 Qxd7 12. Nd2 Nc7 13. Bb3 Rae8 14. Nf3 Bxb3
15. axb3 Nb5 16. Bf4 a6 17. Rad1 Nd6 18. Ne5 Qd8 19. Nd3 Qc8 20. h3 Nf5 21. Nc5
e6 22. Ne4 Rd8 23. g4 Ne7 24. Bg5 Qc7 25. Nc5 Kh8 26. Qf3 Rde8 27. Qg3 Qxg3+
28. fxg3 h6 29. Bf4 b6 30. Nd7 Rg8 31. Nxb6 Nd5 32. Nxd5 exd5 33. b4 g5 34. Bd6
Rd8 35. Be5 Rge8 36. Bxg7+ Kxg7 37. Kf2 Kf6 38. Ra1 Rxe1 39. Kxe1 Ra8 40. Ke2
Ke6 41. Kd3 Kd6 42. b3 f6 43. c4 Rb8 44. Rxa6 Rxb4 45. Kc3 Rb7 46. c5+ { } 1-0

[Event "xxx"]
[Site ""]
[Date "1998.07.26"]
[Round "2"]
[White "HALSER, Walter"]
[Black "MAHDY, Khaled"]
[Result "1/2-1/2"]
[WhiteElo "2090"]
[BlackElo "2365"]
[PlyCount "97"]
[EventDate "1998.07.25"]

1. e4 Nc6 2. d4 d6 3. c3 Nf6 4. Nf3 Bg4 5. h3 Bh5 6. Bd3 e6 7. Be3 Bg6 8. Nbd2
Be7 9. Qc2 d5 10. e5 Nd7 11. h4 Nf8 12. h5 Bxd3 13. Qxd3 h6 14. b4 Qd7 15. Nb3
b6 16. b5 Nd8 17. a4 c6 18. c4 dxc4 19. Qxc4 a6 20. bxa6 Qd5 21. Nbd2 Nd7 22.
O-O O-O 23. Rfb1 Qa5 24. Qc2 Rxa6 25. Qd3 Ra8 26. Ne4 f5 27. Nc3 Rf7 28. Ne2
Nf8 29. Nf4 Bg5 30. Ng6 Bxe3 31. fxe3 Qa6 32. Qb3 Nd7 33. Nf4 Re7 34. Nd2 c5
35. d5 Nxe5 36. dxe6 c4 37. Qc3 { } 37... Nd3 38. Nd5 Rxe6 39. Nc7 Qc8 40. Nxa8
Qxa8 41. Nxc4 Qe4 42. Rd1 Rd6 43. Ra2 Nf7 44. Qc2 { } (44. Nxd6) 44... Rd5 45.
Kf1 Nb4 46. Qxe4 Rxd1+ 47. Ke2 fxe4 48. Rb2 Rg1 49. Kf2 1/2-1/2

[Event "xxx"]
[Site ""]
[Date "1998.07.26"]
[Round "2"]
[White "ZSINKA, Laszlo"]
[Black "SEPETAVC, Walter"]
[Result "1-0"]
[WhiteElo "2340"]
[BlackElo "2020"]
[PlyCount "47"]
[EventDate "1998.07.25"]

1. d4 d5 2. c4 e6 3. Nc3 Nf6 4. cxd5 exd5 5. Bg5 Be7 6. Qc2 h6 7. Bh4 O-O 8. e3
Nc6 9. a3 Re8 10. Bd3 Ng4 11. Bxe7 Rxe7 12. O-O-O { } 12... Rxe3 13. fxe3 Nxe3
14. Qf2 Nxd1 15. Kxd1 Bg4+ 16. Nge2 Qg5 17. Rf1 Rf8 18. h3 Be6 19. Nf4 Qd8 20.
Nxe6 fxe6 21. Qxf8+ Qxf8 22. Bh7+ Kxh7 23. Rxf8 Nxd4 24. Rf7 1-0

[Event "xxx"]
[Site ""]
[Date "1998.07.26"]
[Round "2"]
[White "CSRNKO, Werner"]
[Black "BRANDNER, Stefan"]
[Result "0-1"]
[WhiteElo "2040"]
[BlackElo "2340"]
[PlyCount "78"]
[EventDate "1998.07.25"]

1. c4 e6 2. g3 d5 3. Bg2 c5 4. e3 Nc6 5. cxd5 exd5 6. d4 cxd4 7. exd4 Bf5 8. a3
Qa5+ 9. Nc3 Nb4 10. axb4 Qxa1 11. Nge2 Bxb4 12. O-O Nf6 13. Nxd5 Nxd5 14. Bxd5
O-O 15. Qb3 Qa5 16. Nf4 Rac8 17. h4 Bd6 18. Bxb7 Rxc1 19. Rxc1 Bxf4 20. gxf4
Qd2 21. Qe3 Qxb2 22. Bc6 h6 23. Re1 Rd8 24. d5 Qf6 25. Qe7 Qg6+ 26. Kh2 Rb8 27.
Qa3 Be4 28. Qg3 Qf5 29. Rg1 29... g6 { } 30. Qg4 Qf6 31. h5 Qd4 32. Qg3 Rb3 33.
Qxb3 Qxf2+ 34. Kh3 Qxg1 35. Qb8+ Kh7 36. hxg6+ Qxg6 37. Qe5 Qg2+ 38. Kh4 Qh2+
39. Kg4 f5+ 0-1

[Event "xxx"]
[Site ""]
[Date "1998.07.26"]
[Round "2"]
[White "GAERTNER, Guntram"]
[Black "MARIC, Katarina"]
[Result "1-0"]
[WhiteElo "2340"]
[BlackElo "2005"]
[PlyCount "85"]
[EventDate "1998.07.25"]

1. d4 Nf6 2. c4 e6 3. Nc3 Bb4 4. Bg5 h6 5. Bh4 Bxc3+ 6. bxc3 d6 7. e3 Qe7 8.
Nf3 e5 9. c5 exd4 10. cxd6 Qxd6 11. Qxd4 Qxd4 12. cxd4 Be6 13. Bxf6 gxf6 14. g3
Bd5 15. Bg2 Nd7 16. O-O O-O 17. Nh4 Bxg2 18. Kxg2 Rfe8 19. Rfc1 c5 20. Nf5 cxd4
21. exd4 b6 22. Rc7 Nf8 23. Nxh6+ Kg7 24. Nf5+ Kg6 25. Ne7+ Kg7 26. d5 Red8 27.
Rac1 b5 28. Rb7 Rdb8 29. Rcc7 Rxb7 30. Rxb7 a6 31. Nc6 Re8 32. Ra7 Re2 33. Rxa6
Rd2 34. Ra5 Rxd5 35. a4 Rc5 36. axb5 Ne6 37. Na7 Nd8 38. Ra6 Rc7 39. Nc6 Ne6
40. Ra7 Rc8 41. Ra4 Nc5 42. Rc4 Nb7 43. Na5 {.} 1-0

[Event "xxx"]
[Site ""]
[Date "1998.07.26"]
[Round "2"]
[White "ANGERER, Michael"]
[Black "SZIEBERT, Adam"]
[Result "0-1"]
[WhiteElo "2085"]
[BlackElo "2330"]
[PlyCount "56"]
[EventDate "1998.07.25"]

1. d4 Nf6 2. Nc3 d5 3. e4 dxe4 4. f3 exf3 5. Nxf3 Bg4 6. h3 Bh5 7. Bc4 e6 8.
O-O Be7 9. g4 Bg6 10. Ng5 O-O 11. Be3 Nbd7 12. Qf3 c5 13. Rad1 cxd4 14. Bxd4
Qc7 15. Bd3 Bc5 16. Bxg6 hxg6 17. Nce4 Bxd4+ 18. Rxd4 18... e5 { } 19. Rxd7
Nxd7 20. Nxf7 Nf6 21. Ned6 e4 22. Qe2 Rxf7 23. Nxf7 Qg3+ 24. Qg2 Qxg2+ 25. Kxg2
Kxf7 26. g5 Rd8 27. gxf6 Rd2+ 28. Kg3 gxf6 0-1

[Event "xxx"]
[Site ""]
[Date "1998.07.26"]
[Round "2"]
[White "SPOERK, Rainer"]
[Black "NIELSEN, Max"]
[Result "0-1"]
[WhiteElo "2065"]
[BlackElo "2275"]
[PlyCount "62"]
[EventDate "1998.07.25"]

1. e4 c5 2. Nf3 Nc6 3. d3 g6 4. g3 Bg7 5. Bg2 d6 6. O-O e5 7. c3 Nge7 8. Na3
O-O 9. Nc2 d5 10. exd5 Nxd5 11. d4 cxd4 12. cxd4 e4 13. Ne5 f5 14. Nxc6 bxc6
15. Bd2 Qb6 16. Bc3 Ba6 17. Re1 Rad8 18. Ne3 Nxc3 19. bxc3 c5 20. Qb3+ Kh8 21.
Qxb6 axb6 22. Rab1 cxd4 23. Rxb6 dxe3 24. Rxa6 exf2+ 25. Kxf2 Bxc3 26. Rb1 Rd2+
27. Kg1 e3 28. Bf3 Re8 29. Re1 e2 30. Kg2 Rb2 31. a4 31... Bxe1 { } 0-1

[Event "xxx"]
[Site ""]
[Date "1998.07.27"]
[Round "3"]
[White "KOVACS, Gabor"]
[Black "LERNER, Konstantin"]
[Result "1/2-1/2"]
[WhiteElo "2340"]
[BlackElo "2580"]
[PlyCount "120"]
[EventDate "1998.07.25"]

1. d4 Nf6 2. Nf3 e6 3. c4 b6 4. g3 Ba6 5. b3 Bb4+ 6. Bd2 Be7 7. Bg2 O-O 8. O-O
Bb7 9. Nc3 Na6 10. Qc2 d5 11. Ne5 c5 12. dxc5 bxc5 13. Rfd1 Qb8 14. cxd5 Nb4
15. Qb2 Qxe5 16. d6 Bxg2 17. dxe7 Rfe8 18. Kxg2 Rxe7 19. Bf4 Qh5 20. e4 Nc6 21.
f3 Nd4 22. Qf2 e5 23. Be3 Qg6 24. Rac1 Re6 25. Kg1 Nd7 26. Nd5 Rd8 27. b4 Qh5
28. Kg2 f5 29. bxc5 fxe4 30. Bxd4 exd4 31. Nf4 Qxf3+ 32. Qxf3 exf3+ 33. Kf2 Re4
34. Kxf3 Re3+ 35. Kf2 Nf6 36. c6 Ne4+ 37. Kg2 Nc3 38. c7 Rc8 39. Rxd4 Rxc7 40.
Rd3 Rxd3 41. Nxd3 Kf7 42. Kf3 Ke6 43. Ke3 Kd6 44. Kd2 Ne4+ 45. Ke3 Re7 46. Kf3
Nf6 47. Rc4 Kd5 48. Ra4 Kc6 49. h4 Kb5 50. Rb4+ Ka5 51. Rb3 Nd5 52. Nc5 Nb6 53.
Kf4 g6 54. g4 h6 55. h5 Rc7 56. Ne6 Rc4+ 57. Kg3 gxh5 58. gxh5 Re4 59. Nd8 Rc4
60. Nf7 60... Nd5 {.} 1/2-1/2

[Event "xxx"]
[Site ""]
[Date "1998.07.27"]
[Round "3"]
[White "CVITAN, Ognjen"]
[Black "THOMA, Robert"]
[Result "1/2-1/2"]
[WhiteElo "2525"]
[BlackElo "2285"]
[PlyCount "30"]
[EventDate "1998.07.25"]

1. d4 Nf6 2. Nf3 e6 3. c4 d5 4. g3 c6 5. Bg2 Bd6 6. O-O O-O 7. Nc3 Nbd7 8. Nd2
Be7 9. e4 c5 10. exd5 cxd4 11. Nb5 exd5 12. Nxd4 Nb6 13. cxd5 Nbxd5 14. Nc4 Qc7
15. Qb3 15... Qc5 {.} 1/2-1/2

[Event "xxx"]
[Site ""]
[Date "1998.07.27"]
[Round "3"]
[White "SZIEBERT, Adam"]
[Black "ZILBERMAN, Yaacov"]
[Result "0-1"]
[WhiteElo "2330"]
[BlackElo "2520"]
[PlyCount "66"]
[EventDate "1998.07.25"]

1. e4 Nf6 2. e5 Nd5 3. d4 d6 4. Nf3 Bg4 5. Be2 e6 6. h3 Bh5 7. O-O Be7 8. c4
Nb6 9. exd6 cxd6 10. Nc3 O-O 11. Bf4 a6 12. Rc1 Bxf3 13. Bxf3 Nxc4 14. Bxb7 Ra7
15. Bf3 d5 16. b3 Nb6 17. Be2 Qd7 18. Bd3 Nc6 19. Be5 Rc8 20. Na4 Nxa4 21. bxa4
Raa8 22. Bb1 g6 23. Rc3 Nxe5 24. Rxc8+ Rxc8 25. dxe5 Rc4 26. Bc2 h5 27. Qe2
27... h4 { } 28. Rd1 Qc7 29. Bb3 Re4 30. Qxa6 Qxe5 31. Bc2 Re2 32. Bd3 Rxa2 33.
Rc1 Bd6 0-1

[Event "xxx"]
[Site ""]
[Date "1998.07.27"]
[Round "3"]
[White "LANKA, Zigurds"]
[Black "LASCHET, Ewald"]
[Result "1-0"]
[WhiteElo "2515"]
[BlackElo "2195"]
[PlyCount "57"]
[EventDate "1998.07.25"]

1. e4 c5 2. Nf3 Nc6 3. d4 cxd4 4. Nxd4 Nf6 5. Nc3 e5 6. Ndb5 d6 7. Bg5 a6 8.
Na3 b5 9. Nd5 Be7 10. Bxf6 Bxf6 11. c3 O-O 12. Nc2 Bg5 13. a4 bxa4 14. Rxa4 a5
15. Bc4 Rb8 16. b3 Bd7 17. Ra2 Kh8 18. O-O g6 19. Kh1 Bh6 20. f3 f5 21. exf5
gxf5 22. f4 Bg7 23. Nce3 exf4 24. Nxf4 Be5 25. Ned5 Ne7 26. Qh5 Be8 27. Qh6 Bf7
28. Nf6 Bg8 29. Bxg8 { } 1-0